000 00327nam a22001457a 4500
003 OSt
005 20160727222406.0
008 160623b xxu||||| |||| 00| 0 eng d
040 _cTEST
100 _9847
_aSachs, M
245 _aGlass Pictures
260 _aN.Y
_b E.P. Dutton
_c1980
300 _aGlass Pictures
942 _2ddc
_cBK
999 _c673
_d673